Análisis de series temporales (Registro nro. 321653)

Detalles MARC
000 -ENCABEZADO
Número de control [NR] 00824nam a22002297a 4500
005 - FECHA Y HORA DE LA ÚLTIMA TRANSACCIÓN
control field 20220912091729.0
008 - DE LONGITUD FIJA DE DATOS DE ELEMENTOS - INFORMACIÓN GENERAL
Elementos de longitud fija [NR] 220912s2010 sp ad||fr|||| 00| 0 spa d
020 ## - NUMERO INTERNACIONAL NORMALIZADO PARA LIBROS [R]
Número Internacional Normalizado del libro [NR] 9788420669458(2a.Ed.)
040 ## - FUENTE DE CATALOGACION [NR]
Agencia de catalogación original [NR] CO-BoUCM
Idioma de catalogación [NR] spa
Quien Cataloga Deissy Garcia
Quien Clasifica Deissy Garcia
041 0# - CODIGO DE IDIOMA [R]
Código de idioma para texto/pista de sonido o título separado [R] Español
100 ## - ASIENTO PRINCIPAL--NOMBRE PERSONAL [NR]
ID Autoridad 162676
Nombre personal [NR] Peña, Daniel
245 10 - MENCION DE TITULO [NR]
Título [NR] Análisis de series temporales
Mención de responsabilidad, etc. [NR] Daniel Peña
250 ## - MENCION DE EDICION [NR]
Mención de edición [NR] 2a.Ed.
260 ## - PUBLICACION, DISTRIBUCION, ETC. (PIE DE IMPRENTA) [R]
Lugar de publicación, distribución, etc. [R] Madrid
Nombre del editor, distribuidor, etc. [R] Alianza
Fecha de publicación, distribución, etc. [R] 2021
300 ## - DESCRIPCION FISICA [R]
Extensión [R] 604 páginas
Otros detalles físicos [NR] ilustraciones, gráficas
500 ## - NOTA GENERAL [R]
Nota general [NR] Bibliografía Básica - Facultad de Economía - Pregrado en Economía
504 ## - NOTA DE BIBLIOGRAFIA, ETC. [R]
Nota de bibliografía, etc. [NR] Incluye referencias bibliográficas e índices
650 #7 - ASIENTO SECUNDARIO DE MATERIA - TERMINO TEMATICO [R]
9 (RLIN) 8970
Término temático o nombre geográfico como elemento de entrada [NR] Análisis de series de tiempo
650 #7 - ASIENTO SECUNDARIO DE MATERIA - TERMINO TEMATICO [R]
Término temático o nombre geográfico como elemento de entrada [NR] Métodos de simulación
9 (RLIN) 19455
942 ## - ELEMENTOS DE ENTRADA AGREGADOS (KOHA)
Sistema de clasificación DEWEY
Tema principal Ciencias puras
Tipo de ítem principal el descrito en 300a Libro
Edición 1
Clasificación 519.232
Parte restante de la signatura top. P349a
Título oculto en OPAC No
Existencias
Signatura topográfica Código de barras Última vez visto Ejemplar Costo de reposición Price effective from Tipo de ítem Perdido Sistema de clasificación Dañado No prestable Tipo de ítem específico Suprimido Ubicación habitual Ubicación actual Localización Fecha de creación Forma de adquisición Costo
519.232 P349a 100170767 04/12/2025 Ej.1 244600.00 12/09/2022 Libro   DEWEY     Libro   Claustro Claustro 4to piso 12/09/2022 Compra 244600.00